Catholic University of Zimbabwe Library
Online Public Access Catalogue
(OPAC)

The intruders: (Record no. 44868)

MARC details
000 -LEADER
fixed length control field 00688nam a22002297a 4500
008 - FIXED-LENGTH DATA ELEMENTS--GENERAL INFORMATION
fixed length control field 230911b |||||||| |||| 00| 0 eng d
020 ## - INTERNATIONAL STANDARD BOOK NUMBER
International Standard Book Number 9781911445418
040 ## - CATALOGING SOURCE
Original cataloging agency CUZ
Transcribing agency CUZ
Modifying agency CUZ
Language of cataloging eng
Description conventions rda
050 00 - LIBRARY OF CONGRESS CALL NUMBER
Classification number PS3553
Item number JAC
245 14 - TITLE STATEMENT
Title The intruders:
Statement of responsibility, etc. The Secret Squadron. Volume One /
Remainder of title Robert Jackson
264 ## - PRODUCTION, PUBLICATION, DISTRIBUTION, MANUFACTURE, AND COPYRIGHT NOTICE
Place of production, publication, distribution, manufacture London:
Name of producer, publisher, distributor, manufacturer Endeavourrink,
Date of production, publication, distribution, manufacture, or copyright notice c1997.
300 ## - PHYSICAL DESCRIPTION
Extent 249 pages. ;
Dimensions 24 cm.
500 ## - GENERAL NOTE
General note Sequel to Flight of the intruder.
600 10 - SUBJECT ADDED ENTRY--PERSONAL NAME
Personal name Grafton, Jake
650 #0 - SUBJECT ADDED ENTRY--TOPICAL TERM
Topical term or geographic name entry element Aircraft carriers
650 #0 - SUBJECT ADDED ENTRY--TOPICAL TERM
Topical term or geographic name entry element Marines
650 #0 - SUBJECT ADDED ENTRY--TOPICAL TERM
Topical term or geographic name entry element Vietnam War, 1961-1975
942 ## - ADDED ENTRY ELEMENTS (KOHA)
Koha item type OS Book
336 ## - CONTENT TYPE
Content type term text
Content type code txt
337 ## - MEDIA TYPE
Media type term unmediated
Media type code n
338 ## - CARRIER TYPE
Source rdacarrier
Holdings
Withdrawn status Lost status Source of classification or shelving scheme Damaged status Not for loan Collection code Home library Current library Shelving location Date acquired Source of acquisition Inventory number Total Checkouts Full call number Barcode Date last seen Price effective from Koha item type
          Non-fiction CUZ Harare Campus CUZ Harare Campus Open Shelf 11.09.2023 Donation CUZ15869   PS3553 JAC BK009801 11.09.2023 11.09.2023 OS Book
          Non-fiction CUZ Harare Campus CUZ Harare Campus Open Shelf 11.09.2023 Donation CUZ15860   PS3553 JAC BK009799 11.09.2023 11.09.2023 OS Book

OPENING HOURS

Weekdays: 0815hrs - 1800hrs
Weekends:0900hrs - 1200hrs

Closed for Mass:

Mon, Thur: 1200hrs - 1300hrs
Sunday & Public Holiday’s

CALL SUPPORT

0242-570570, 0242-570169
09200664, +263 8644140602

LOCATION

18443, Cranborne Avenue, Hatfield, Harare

Other Links


©2021 | CUZ Library